000
00200 a2200097 4500
001
55837
100
_a
245
_a
Tarekh-e-ISLAM
260
_a
_b
Acad Punjab
_c
1987
090
_c
34629
_d
34629
942
_a
NUST-CAE
_c
MONOGRAPH
_c
27368
999
_c
290910
_d
290910